[Event "SR 2. liga A 2009/2010"]
[Site "?"]
[Date "2009.10.11"]
[Round "2.4"]
[White "Csiba, Peter"]
[Black "Pasko, Peter"]
[Result "0-1"]
[WhiteElo "2104"]
[BlackElo "2092"]
[PlyCount "92"]
[EventDate "2009.??.??"]
[WhiteTeam "Slovakia"]
[BlackTeam "II"]
[WhiteTeamCountry "SVK"]
[BlackTeamCountry "SVK"]

1. e4 c5 2. Nf3 d6 3. d4 cxd4 4. Nxd4 Nf6 5. Nc3 a6 6. Be3 e5 7. Nb3 Be6 8. Qd2
Be7 9. f3 b5 10. O-O-O O-O 11. g4 Nbd7 12. g5 b4 13. Na4 Nh5 14. Kb1 a5 15. h4
Ng3 16. Rg1 Nxf1 17. Rgxf1 Bc4 18. Nc1 Bxf1 19. Rxf1 Nc5 20. Nxc5 dxc5 21. Qh2
Qc7 22. f4 exf4 23. Bxf4 Qc6 24. e5 c4 25. h5 g6 26. Be3 a4 27. hxg6 Qxg6 28.
Ne2 b3 29. Nd4 a3 30. Nf5 bxa2+ 31. Kxa2 axb2+ 32. Kxb2 Rfb8+ 33. Kc1 Ra1+ 34.
Kd2 Bb4+ 35. Ke2 Rxf1 36. Nh6+ Kf8 37. Kxf1 Rd8 38. Qf2 Rd1+ 39. Kg2 Qh5 40.
Bc5+ Ke8 41. Qf5 Qh1+ 42. Kg3 Be1+ 43. Kg4 Qg2+ 44. Kh5 Qh2+ 45. Kg4 Qg3+ 46.
Kh5 Qh4# 0-1

[Event "SR 2. liga A 2009/2010"]
[Site "?"]
[Date "2009.10.11"]
[Round "2.4"]
[White "Dugovic, Branislav"]
[Black "Sosovicka, Juraj"]
[Result "1/2-1/2"]
[WhiteElo "2149"]
[BlackElo "2066"]
[PlyCount "53"]
[EventDate "2009.??.??"]
[WhiteTeam "Slovakia"]
[BlackTeam "II"]
[WhiteTeamCountry "SVK"]
[BlackTeamCountry "SVK"]

1. Nf3 d5 2. b3 c5 3. e3 Nf6 4. Bb2 Nc6 5. Bb5 Bd7 6. O-O e6 7. d3 Bd6 8. Bxc6
Bxc6 9. Ne5 O-O 10. Nxc6 bxc6 11. c4 Nd7 12. Nc3 f5 13. Qe2 Qe7 14. f4 Nb6 15.
Rae1 e5 16. cxd5 cxd5 17. a4 Qe6 18. Nb5 Bb8 19. Qc2 a6 20. Na3 Nd7 21. e4 fxe4
22. dxe4 Rxf4 23. exd5 Rxf1+ 24. Kxf1 Qxd5 25. Qc4 Qxc4+ 26. Nxc4 Bc7 27. Nxe5
1/2-1/2

[Event "SR 2. liga A 2009/2010"]
[Site "?"]
[Date "2009.10.11"]
[Round "2.4"]
[White "Fabry, Robert"]
[Black "Lopatievov, Alexander"]
[Result "1/2-1/2"]
[WhiteElo "2190"]
[BlackElo "2041"]
[PlyCount "73"]
[EventDate "2009.??.??"]
[WhiteTeam "Slovakia"]
[BlackTeam "II"]
[WhiteTeamCountry "SVK"]
[BlackTeamCountry "SVK"]

1. e4 e6 2. d4 b6 3. Nf3 Bb7 4. Bd3 c5 5. c3 Nf6 6. Qe2 d6 7. O-O Nbd7 8. Na3
Be7 9. Bf4 Nh5 10. Bd2 O-O 11. Rfe1 cxd4 12. cxd4 Nhf6 13. Nb5 a6 14. Nc3 Re8
15. Rad1 b5 16. e5 Nd5 17. Ne4 dxe5 18. dxe5 Nc5 19. Bb1 Nxe4 20. Qxe4 g6 21.
Qg4 Qb6 22. Ng5 Rac8 23. Qh3 Bxg5 24. Bxg5 Qc5 25. Rd3 Qb4 26. Red1 Nf4 27.
Bxf4 Qxf4 28. Qe3 Qxe3 29. Rxe3 Bd5 30. Kf1 a5 31. g3 Rc5 32. f4 Rec8 33. Ke1
Kg7 34. Kd2 b4 35. Ree1 Rd8 36. Ke3 Rdc8 37. Kd2 1/2-1/2

[Event "SR 2. liga A 2009/2010"]
[Site "?"]
[Date "2009.10.11"]
[Round "2.5"]
[White "Hecko, Dusan"]
[Black "Chovanec, Vladimir"]
[Result "1/2-1/2"]
[WhiteElo "2115"]
[BlackElo "2091"]
[Annotator "Fritz 9 (20s)"]
[PlyCount "108"]
[EventDate "2009.??.??"]
[WhiteTeam "Slovakia"]
[BlackTeam "II"]
[WhiteTeamCountry "SVK"]
[BlackTeamCountry "SVK"]

{A23: English Opening: 1...e5 2 Nc3 Nf6 3 g3 c6} 1. c4 e5 2. Nc3 Nf6 3. g3 c6
4. Nf3 $11 e4 5. Nd4 d5 6. cxd5 Qb6 7. Nc2 cxd5 {N} (7... Bc5 8. Ne3 cxd5 9.
Na4 Qc6 10. Nxc5 Qxc5 11. Qc2 $15) 8. Bg2 Bf5 {N} (8... Bc5 9. O-O Ng4 10. Ne3
d4 11. Na4 Qb5 12. Nxg4 Bxg4 13. Qc2 Bxe2 14. Re1 Be7 15. Qxe4 $18) 9. O-O d4
10. Nb1 $2 (10. Na4 $142 $5 {bola lepsia alternativa} Qd8 (10... Qd6 11. d3 b5
12. dxe4 Bxe4 13. Bxe4 Nxe4 14. Nxd4 bxa4 15. Qxa4+ Qd7 16. Nb5 Qc6 17. Rd1 $18
) 11. d3 $14) 10... Nc6 $15 11. b3 (11. d3 Bc5 12. Nd2 exd3 13. exd3 O-O $15)
11... Bc5 $17 12. Nba3 O-O 13. Nc4 Qd8 14. Ba3 Bxa3 15. N2xa3 a6 16. f3 b5 17.
fxe4 Bxe4 18. Bxe4 Nxe4 $19 19. Nb2 Qd6 20. Nc2 Rad8 21. Ne1 Ne5 22. Nf3 d3 23.
Nxe5 dxe2 24. Qxe2 $17 Qxe5 25. d3 Qd4+ 26. Kg2 Nc5 27. Rad1 Rfe8 28. Qf2 Qd5+
29. Kg1 Qh5 30. Qf5 Qxf5 31. Rxf5 Re2 32. Rf2 Re3 33. Rc2 Nd7 (33... Nxd3 $2
34. Rxd3 Rexd3 35. Nxd3 $18) 34. Kf2 Re6 35. Re1 Rd6 36. Re3 f6 37. Ke2 Kf7 38.
a4 $6 (38. Rc7 f5 $11) 38... Ne5 $15 39. h3 Rc6 40. Rxc6 Nxc6 41. Kd2 Rd5 42.
axb5 $15 axb5 43. Nd1 b4 44. Re4 Nd4 45. Ke3 Nf5+ 46. Kd2 Nd4 47. Ke3 Nxb3 48.
Rxb4 Nc5 49. d4 $14 Ne6 50. Nc3 Rh5 51. h4 Ra5 52. d5 Nd8 53. Rc4 g5 54. hxg5
fxg5 1/2-1/2

[Event "SR 2. liga A 2009/2010"]
[Site "?"]
[Date "2009.10.11"]
[Round "2.5"]
[White "Hricak, Vasil"]
[Black "Skara, Vladimir"]
[Result "1/2-1/2"]
[WhiteElo "2100"]
[BlackElo "2126"]
[PlyCount "49"]
[EventDate "2009.??.??"]
[WhiteTeam "Slovakia"]
[BlackTeam "II"]
[WhiteTeamCountry "SVK"]
[BlackTeamCountry "SVK"]

1. e4 e6 2. d4 d5 3. exd5 exd5 4. Bd3 c5 5. c3 Nc6 6. Qe2+ Be7 7. dxc5 Nf6 8.
b4 O-O 9. Qc2 d4 10. a3 a5 11. Bb2 dxc3 12. Qxc3 axb4 13. axb4 Rxa1 14. Bxa1
Nxb4 15. Bxh7+ Kxh7 16. Qxb4 Re8 17. Ne2 Nd5 18. Qb2 Bf6 19. Qc2+ g6 20. Bxf6
Qxf6 21. O-O Bd7 22. Nbc3 Nb4 23. Qb1 Na6 24. Qxb7 Nxc5 25. Qc7 1/2-1/2

[Event "SR 2. liga A 2009/2010"]
[Site "?"]
[Date "2009.10.11"]
[Round "2.5"]
[White "Krist, Milan"]
[Black "Hertel, Ondrej"]
[Result "0-1"]
[WhiteElo "2013"]
[BlackElo "2051"]
[PlyCount "64"]
[EventDate "2009.??.??"]
[WhiteTeam "Slovakia"]
[BlackTeam "II"]
[WhiteTeamCountry "SVK"]
[BlackTeamCountry "SVK"]

1. c4 c5 2. Nc3 Nc6 3. Nf3 g6 4. e3 Nf6 5. d4 cxd4 6. exd4 d5 7. cxd5 Nxd5 8.
Bb5 Be6 9. O-O Bg7 10. Bxc6+ bxc6 11. Re1 O-O 12. Ng5 Bf5 13. Nxd5 Qxd5 14. Be3
Rfd8 15. Qa4 Qb5 16. Qa3 Bf6 17. Nf3 Kg7 18. Rac1 Rd5 19. h3 h5 20. Rc3 a5 21.
Rec1 Qb4 22. Qb3 Rb5 23. Qxb4 Rxb4 24. b3 a4 25. Rc4 Rxc4 26. Rxc4 axb3 27.
axb3 Be4 28. Nd2 Bd5 29. Rb4 e6 30. f3 Bh4 31. Nc4 Bg3 32. Bf2 Ra1+ 0-1

[Event "SR 2. liga A 2009/2010"]
[Site "?"]
[Date "2009.10.11"]
[Round "2.5"]
[White "Mackovic, Miroslav"]
[Black "Mikulas, Dusan"]
[Result "0-1"]
[WhiteElo "1963"]
[BlackElo "2210"]
[PlyCount "62"]
[EventDate "2009.??.??"]
[WhiteTeam "Slovakia"]
[BlackTeam "II"]
[WhiteTeamCountry "SVK"]
[BlackTeamCountry "SVK"]

1. e4 e5 2. Nf3 Nc6 3. Bb5 a6 4. Ba4 Nf6 5. O-O Be7 6. Re1 b5 7. Bb3 O-O 8. c3
d5 9. exd5 Nxd5 10. Nxe5 Nxe5 11. Rxe5 c6 12. g3 Bd6 13. Re1 Qd7 14. Qf3 Qh3
15. Bxd5 cxd5 16. Qxd5 Bg4 17. Qg2 Rae8 18. Re3 Qh5 19. f4 Bh3 20. g4 Bxg4 21.
Qf2 Bh3 22. Qf3 Qg6+ 23. Kf2 Bg4 24. Qg3 Qf5 25. Rxe8 Rxe8 26. d3 h5 27. h4
Bc5+ 28. d4 Qc2+ 29. Nd2 Qd1 30. Nf1 Re1 31. Qg1 Qf3+ 0-1

[Event "SR 2. liga A 2009/2010"]
[Site "?"]
[Date "2009.10.11"]
[Round "2.5"]
[White "Magyar, Frantisek"]
[Black "Rachela, Jozef"]
[Result "0-1"]
[WhiteElo "2018"]
[BlackElo "2072"]
[PlyCount "86"]
[EventDate "2009.??.??"]
[WhiteTeam "Slovakia"]
[BlackTeam "II"]
[WhiteTeamCountry "SVK"]
[BlackTeamCountry "SVK"]

1. d4 d5 2. c4 c6 3. e3 Nf6 4. Nc3 a6 5. Nf3 e6 6. a3 Nbd7 7. Bd3 Bd6 8. O-O
O-O 9. Bd2 dxc4 10. Bxc4 e5 11. Qc2 Qc7 12. h3 exd4 13. exd4 Bf4 14. Bxf4 Qxf4
15. Rad1 Nb6 16. Ne2 Qh6 17. Ba2 Nbd5 18. Ne5 Be6 19. Bb1 g6 20. Qd2 Qxd2 21.
Rxd2 Rad8 22. Rc1 Ne8 23. Kh2 Nd6 24. Nc3 Rfe8 25. g3 Kg7 26. Na4 f6 27. Nf3
Re7 28. Kg2 Bc8 29. Bd3 Rde8 30. Nc3 Be6 31. Ne2 Bf5 32. Neg1 Be4 33. Bxe4 Rxe4
34. Kf1 Kf7 35. Ne2 h5 36. h4 R4e7 37. Rcc2 Rd7 38. Rd1 Nf5 39. Rd3 Rde7 40.
Rcd2 Nb6 41. Rc3 Rd7 42. Rc1 Red8 43. Rcd1 Nc4 0-1

[Event "SR 2. liga A 2009/2010"]
[Site "?"]
[Date "2009.10.11"]
[Round "2.5"]
[White "Mihalik, Anton"]
[Black "Janos, Ivan"]
[Result "0-1"]
[WhiteElo "1961"]
[BlackElo "2133"]
[PlyCount "70"]
[EventDate "2009.??.??"]
[WhiteTeam "Slovakia"]
[BlackTeam "II"]
[WhiteTeamCountry "SVK"]
[BlackTeamCountry "SVK"]

1. e4 c5 2. Nc3 Nc6 3. g3 g6 4. Bg2 Bg7 5. d3 e6 6. Nge2 a6 7. Be3 Nd4 8. Qd2
d6 9. O-O Ne7 10. Nd1 Nxe2+ 11. Qxe2 O-O 12. c3 Nc6 13. f4 Qe7 14. Nf2 Rb8 15.
g4 f5 16. g5 Bd7 17. h4 e5 18. Qd2 Rbd8 19. Rae1 Be6 20. b3 d5 21. exd5 Bxd5
22. fxe5 Qxe5 23. Bxc5 Qg3 24. Nh1 Qxh4 25. Bxf8 Bxg2 26. Qxg2 Bxf8 27. d4 Be7
28. d5 Bc5+ 29. Nf2 Ne7 30. c4 f4 31. Rxe7 Bxe7 32. Ne4 Re8 33. d6 Bd8 34. d7
Rxe4 35. Qxe4 Bb6+ 0-1

[Event "SR 2. liga A 2009/2010"]
[Site "?"]
[Date "2009.10.11"]
[Round "2.6"]
[White "Kolman, Richard"]
[Black "Likavska, Barbora"]
[Result "1-0"]
[WhiteElo "2105"]
[BlackElo "1866"]
[PlyCount "61"]
[EventDate "2009.??.??"]
[WhiteTeam "Slovakia"]
[BlackTeam "II"]
[WhiteTeamCountry "SVK"]
[BlackTeamCountry "SVK"]

1. d4 Nf6 2. Nf3 g6 3. Bg5 Bg7 4. Nbd2 d6 5. e3 O-O 6. Bc4 Nbd7 7. O-O c6 8. a4
e5 9. c3 Qe8 10. e4 h6 11. dxe5 dxe5 12. Bh4 Nb6 13. Be2 Bg4 14. h3 Bxf3 15.
Bxf3 Rd8 16. Qc2 Qe6 17. Be2 g5 18. Bg3 a5 19. Rfd1 Rfe8 20. b4 axb4 21. cxb4
Nc8 22. Nc4 Nd7 23. f3 Qe7 24. Bf2 Bf8 25. Rab1 Qe6 26. Na5 Ndb6 27. Rxd8 Rxd8
28. Nxb7 Rd7 29. Nc5 Bxc5 30. bxc5 Na8 31. Rb8 1-0

[Event "SR 2. liga A 2009/2010"]
[Site "?"]
[Date "2009.10.11"]
[Round "2.6"]
[White "Mruskovic, Radoslav"]
[Black "Szollos, Ondrej"]
[Result "1-0"]
[WhiteElo "1945"]
[BlackElo "2088"]
[PlyCount "89"]
[EventDate "2009.??.??"]
[WhiteTeam "Slovakia"]
[BlackTeam "II"]
[WhiteTeamCountry "SVK"]
[BlackTeamCountry "SVK"]

1. d4 Nf6 2. c4 d6 3. Nc3 c6 4. e4 Qc7 5. f4 e5 6. d5 Be7 7. Nf3 Bg4 8. Be2
Nbd7 9. O-O exf4 10. Bxf4 Qb6+ 11. Qd4 Bxf3 12. Qxb6 Nxb6 13. gxf3 Nbd7 14. Bg3
Nh5 15. dxc6 bxc6 16. b4 a6 17. b5 cxb5 18. cxb5 Bf6 19. Rac1 Bd4+ 20. Kh1
Nxg3+ 21. hxg3 Nc5 22. Nd5 Kd8 23. Rfd1 Be5 24. Nb6 Ke7 25. Nxa8 Rxa8 26. f4
Bb2 27. Rc2 Ba3 28. bxa6 Nxa6 29. Bxa6 Rxa6 30. Rc7+ Ke6 31. Rb1 f5 32. exf5+
Kxf5 33. Rxg7 Bc5 34. Rb2 h6 35. Re2 Bd4 36. Rg8 Bf6 37. Kg2 d5 38. Rc8 d4 39.
Kh3 Rd6 40. Rc5+ Kg6 41. Kg4 Bg7 42. f5+ Kf7 43. Rc7+ Kf8 44. Ree7 d3 45. Red7
1-0

[Event "SR 2. liga A 2009/2010"]
[Site "?"]
[Date "2009.10.11"]
[Round "2.6"]
[White "Obdrzalkova, Anita"]
[Black "Jelenciak, Jozef"]
[Result "1-0"]
[WhiteElo "2004"]
[BlackElo "2013"]
[PlyCount "149"]
[EventDate "2009.??.??"]
[WhiteTeam "Slovakia"]
[BlackTeam "II"]
[WhiteTeamCountry "SVK"]
[BlackTeamCountry "SVK"]

1. d4 f5 2. c4 Nf6 3. Nc3 e6 4. g3 Be7 5. Bg2 c6 6. d5 d6 7. Qb3 e5 8. Nf3 c5
9. Ng5 O-O 10. Ne6 Bxe6 11. dxe6 Nc6 12. Qxb7 Nd4 13. Qxa8 Qxa8 14. Bxa8 Rxa8
15. O-O Nxe6 16. Rd1 a6 17. b3 Kf7 18. Kg2 g5 19. Bb2 h5 20. e3 g4 21. Nd5 Ne4
22. f3 N4g5 23. f4 exf4 24. exf4 Nf3 25. Rd3 h4 26. Rad1 Ned4 27. Bxd4 Nxd4 28.
Nxe7 Kxe7 29. Rxd4 cxd4 30. gxh4 Rh8 31. Kg3 Rh6 32. Rxd4 Re6 33. Rd3 Kf6 34.
h5 Ke7 35. Kh4 Re2 36. Kg5 Rxh2 37. Kxf5 Rh3 38. Rd1 g3 39. Kg4 Rh2 40. Kxg3
Rxh5 41. Rd5 Rh8 42. Ra5 Ra8 43. f5 Kf6 44. Kf4 Ra7 45. Rd5 Ke7 46. Kg5 Ra8 47.
Rd3 Rg8+ 48. Kf4 Rg2 49. Re3+ Kf7 50. Rd3 Rf2+ 51. Ke4 Ke7 52. a3 Rf1 53. Rf3
Re1+ 54. Re3 Rd1 55. Kf4+ Kf7 56. Re6 Rd3 57. b4 Rd4+ 58. Kg5 Rd1 59. c5 Rg1+
60. Kf4 dxc5 61. bxc5 Rc1 62. Rxa6 Rxc5 63. Kg5 Rc7 64. a4 Kg7 65. a5 Rd7 66.
Rg6+ Kf7 67. a6 Rd1 68. Rb6 Rg1+ 69. Kf4 Ra1 70. Ke5 Ra5+ 71. Kd6 Kf6 72. Kc7+
Kxf5 73. Kb7 Re5 74. a7 Re7+ 75. Ka6 1-0

[Event "SR 2. liga A 2009/2010"]
[Site "?"]
[Date "2009.10.11"]
[Round "2.6"]
[White "Padysak, Tomas"]
[Black "Diviak, Rastislav"]
[Result "1/2-1/2"]
[WhiteElo "2022"]
[BlackElo "2043"]
[PlyCount "58"]
[EventDate "2009.??.??"]
[WhiteTeam "Slovakia"]
[BlackTeam "II"]
[WhiteTeamCountry "SVK"]
[BlackTeamCountry "SVK"]

1. e4 d6 2. d4 Nf6 3. Nc3 g6 4. Be3 Bg7 5. f3 c6 6. Qd2 b5 7. O-O-O Qc7 8. Kb1
Nbd7 9. Bh6 Bxh6 10. Qxh6 b4 11. Nce2 a5 12. Nh3 c5 13. dxc5 Qxc5 14. Qg5 Qxg5
15. Nxg5 O-O 16. Nh3 Bb7 17. Nd4 Rfc8 18. Nf2 Ne5 19. Bd3 Nc4 20. Rhe1 Ne5 21.
Rc1 Nfd7 22. Bf1 Nc4 23. Rcd1 Ba6 24. Ng4 h5 25. Ne3 Nxe3 26. Rxe3 Bxf1 27.
Rxf1 Rc4 28. Ne2 Ne5 29. Rc1 Rac8 1/2-1/2

[Event "SR 2. liga A 2009/2010"]
[Site "?"]
[Date "2009.10.11"]
[Round "2.6"]
[White "Peska, Juraj"]
[Black "Halas, Miroslav"]
[Result "1/2-1/2"]
[WhiteElo "1959"]
[BlackElo "1939"]
[PlyCount "63"]
[EventDate "2009.??.??"]
[WhiteTeam "Slovakia"]
[BlackTeam "II"]
[WhiteTeamCountry "SVK"]
[BlackTeamCountry "SVK"]

1. c4 c6 2. Nc3 d5 3. e3 e6 4. d4 Nf6 5. Nf3 Nbd7 6. Bd3 dxc4 7. Bxc4 b5 8. Be2
a6 9. O-O c5 10. b3 Bb7 11. Bb2 Rc8 12. Rc1 Be7 13. dxc5 Bxc5 14. Nd4 Ne5 15.
Nf3 Qxd1 16. Rfxd1 Nxf3+ 17. Bxf3 Bxf3 18. gxf3 Ke7 19. Ne4 Nxe4 20. fxe4 f6
21. Rc2 Bb4 22. Rdc1 Rxc2 23. Rxc2 Rd8 24. Rc7+ Rd7 25. Rxd7+ Kxd7 26. Kf1 Ke7
27. Ke2 g6 28. h3 f5 29. exf5 exf5 30. Kd3 Ke6 31. f3 Kd5 32. Bd4 1/2-1/2

[Event "SR 2. liga A 2009/2010"]
[Site "?"]
[Date "2009.10.11"]
[Round "2.6"]
[White "Syrovy, Ivan"]
[Black "Bincik, Pavol"]
[Result "1-0"]
[WhiteElo "2088"]
[BlackElo "1904"]
[PlyCount "73"]
[EventDate "2009.??.??"]
[WhiteTeam "Slovakia"]
[BlackTeam "II"]
[WhiteTeamCountry "SVK"]
[BlackTeamCountry "SVK"]

1. e4 c6 2. d4 d5 3. Nd2 dxe4 4. Nxe4 Bf5 5. Ng3 Bg6 6. h4 h6 7. Nf3 Nd7 8. h5
Bh7 9. Bd3 Bxd3 10. Qxd3 Qc7 11. Bd2 Ngf6 12. c4 e6 13. O-O-O O-O-O 14. Kb1 Bd6
15. Ne4 Nxe4 16. Qxe4 Nf6 17. Qc2 c5 18. Rh4 Rhe8 19. Qa4 Kb8 20. Be3 Nd7 21.
Nd2 e5 22. dxe5 Bxe5 23. Rhh1 Bf4 24. Bxf4 Qxf4 25. Nf3 Nb6 26. Qa5 Qxc4 27.
Rc1 Qd3+ 28. Ka1 c4 29. Ne5 Qe2 30. Nxf7 Qxf2 31. Nxd8 Rxd8 32. Qe5+ Ka8 33.
Qxg7 a6 34. Rhf1 Qd2 35. Qg6 Na4 36. Qc2 c3 37. bxc3 1-0

[Event "SR 2. liga A 2009/2010"]
[Site "?"]
[Date "2009.10.11"]
[Round "2.7"]
[White "Antala, Jan"]
[Black "Kundrak, Vladimir"]
[Result "1-0"]
[WhiteElo "1982"]
[BlackElo "1936"]
[PlyCount "65"]
[EventDate "2009.??.??"]
[WhiteTeam "Slovakia"]
[BlackTeam "II"]
[WhiteTeamCountry "SVK"]
[BlackTeamCountry "SVK"]

1. e4 c5 2. Nf3 Nc6 3. d4 cxd4 4. Bc4 g6 5. c3 d3 6. O-O Bg7 7. Qxd3 Nf6 8. e5
Ng4 9. Bxf7+ Kxf7 10. Qc4+ Ke8 11. Qxg4 Nxe5 12. Nxe5 Bxe5 13. Qe4 Bf6 14. c4
Qb6 15. Nc3 Qd4 16. Qe2 Qe5 17. Qf3 Qf5 18. Qe2 Qe5 19. Be3 Kf7 20. Rad1 b6 21.
Qf3 Ba6 22. Bd4 Qf5 23. Qxf5 gxf5 24. Bxf6 Kxf6 25. Nd5+ Kf7 26. Rfe1 Bxc4 27.
Rxe7+ Kf8 28. Rxd7 Bxa2 29. Nf6 Be6 30. Rc7 h5 31. Nh7+ Kg8 32. Ng5 Rc8 33.
Nxe6 1-0

[Event "SR 2. liga A 2009/2010"]
[Site "?"]
[Date "2009.10.11"]
[Round "2.7"]
[White "Cajka, Tibor"]
[Black "Grich, Juraj"]
[Result "0-1"]
[WhiteElo "1932"]
[BlackElo "1989"]
[PlyCount "64"]
[EventDate "2009.??.??"]
[WhiteTeam "Slovakia"]
[BlackTeam "II"]
[WhiteTeamCountry "SVK"]
[BlackTeamCountry "SVK"]

1. c4 e5 2. Nc3 Nf6 3. g3 Nc6 4. Bg2 Bb4 5. d3 Bxc3+ 6. bxc3 O-O 7. Nf3 e4 8.
Nd4 Re8 9. Nxc6 dxc6 10. O-O Bg4 11. d4 c5 12. f3 exf3 13. exf3 Be6 14. Qd3 h6
15. Ba3 cxd4 16. cxd4 Qd7 17. Rfe1 c6 18. Bb2 Rad8 19. a4 Qd6 20. Bc3 Qc7 21.
a5 Qd7 22. g4 b5 23. axb6 axb6 24. Re5 Qc7 25. Rae1 b5 26. cxb5 cxb5 27. Bb2
Bc4 28. Rxe8+ Nxe8 29. Qf5 Nf6 30. Qe5 Nd5 31. Qxc7 Nxc7 32. f4 Nd5 0-1

[Event "SR 2. liga A 2009/2010"]
[Site "?"]
[Date "2009.10.11"]
[Round "2.7"]
[White "Goga, Frantisek"]
[Black "Merva, Frantisek"]
[Result "1/2-1/2"]
[WhiteElo "1984"]
[BlackElo "2053"]
[PlyCount "51"]
[EventDate "2009.??.??"]
[WhiteTeam "Slovakia"]
[BlackTeam "II"]
[WhiteTeamCountry "SVK"]
[BlackTeamCountry "SVK"]

1. e4 c5 2. Nf3 d6 3. d4 cxd4 4. Nxd4 Nf6 5. Nc3 a6 6. Be2 e6 7. Be3 Qc7 8. Qd2
b5 9. a3 Bb7 10. f3 Nc6 11. Nxc6 Bxc6 12. O-O-O Be7 13. g4 Nd7 14. Bd4 O-O 15.
h4 Rab8 16. Na2 d5 17. exd5 Bxd5 18. Nb4 Bxb4 19. axb4 Rfc8 20. Rh3 Ne5 21. f4
Nc4 22. Bxc4 Qxc4 23. Rc3 Qa2 24. Ra3 Qc4 25. Rc3 Qa2 26. Ra3 1/2-1/2

[Event "SR 2. liga A 2009/2010"]
[Site "?"]
[Date "2009.10.11"]
[Round "2.7"]
[White "Klanica, Anton"]
[Black "Kollarik, Gorazd"]
[Result "1/2-1/2"]
[WhiteElo "1894"]
[BlackElo "1898"]
[PlyCount "37"]
[EventDate "2009.??.??"]
[WhiteTeam "Slovakia"]
[BlackTeam "II"]
[WhiteTeamCountry "SVK"]
[BlackTeamCountry "SVK"]

1. e4 c5 2. Nf3 Nc6 3. Bb5 d6 4. O-O Bd7 5. d3 g6 6. Bd2 Bg7 7. Bxc6 Bxc6 8.
Bc3 Nf6 9. Nbd2 O-O 10. Re1 e5 11. Nf1 b5 12. Bd2 a5 13. Bg5 Qd7 14. Qd2 Ne8
15. Ng3 Nc7 16. Nh4 Ne6 17. Be3 b4 18. Rab1 Rab8 19. Ne2 1/2-1/2

[Event "SR 2. liga A 2009/2010"]
[Site "?"]
[Date "2009.10.11"]
[Round "2.7"]
[White "Lukac, Tomas"]
[Black "Milanov, Jasen"]
[Result "1-0"]
[WhiteElo "1932"]
[BlackElo "2022"]
[PlyCount "131"]
[EventDate "2009.??.??"]
[WhiteTeam "Slovakia"]
[BlackTeam "II"]
[WhiteTeamCountry "SVK"]
[BlackTeamCountry "SVK"]

1. e4 e6 2. d4 d5 3. Nc3 dxe4 4. Nxe4 Nd7 5. Nf3 Ngf6 6. Ng3 c5 7. Bd3 cxd4 8.
Nxd4 Bc5 9. Nb3 Be7 10. O-O b6 11. Qe2 Bb7 12. c4 O-O 13. Bf4 Qc8 14. a3 Qc6
15. f3 a5 16. Kh1 Nc5 17. Nxc5 Bxc5 18. Be5 Be7 19. Ne4 Nxe4 20. Bxe4 Qc8 21.
Rfd1 Bxe4 22. Qxe4 Rd8 23. Rd3 Rxd3 24. Qxd3 Qc5 25. Qc3 f6 26. Bd4 Qc6 27. Rd1
Rd8 28. Rd2 Rc8 29. Rc2 e5 30. Be3 Rd8 31. Rd2 Rxd2 32. Bxd2 Qa4 33. Kg1 Qd1+
34. Kf2 Bc5+ 35. Be3 Bd4 36. Bxd4 exd4 37. Qe1 Qc2+ 38. Qe2 Qa4 39. Qe6+ Kf8
40. Qd6+ Kf7 41. Qxd4 Qc2+ 42. Kg3 Qg6+ 43. Qg4 Qd3 44. Qe4 Qd6+ 45. f4 Qc5 46.
Qd5+ Ke7 47. Qxc5+ bxc5 48. f5 a4 49. Kf4 Kd6 50. Ke4 g6 51. fxg6 hxg6 52. h4
f5+ 53. Kf4 Ke6 54. Kg5 Kf7 55. h5 gxh5 56. Kxf5 h4 57. Ke5 Kg6 58. Kd5 Kg5 59.
Kxc5 Kg4 60. Kb5 Kg3 61. c5 Kxg2 62. c6 h3 63. c7 h2 64. c8=Q h1=Q 65. Qb7+ Kg1
66. Qxh1+ 1-0

[Event "SR 2. liga A 2009/2010"]
[Site "?"]
[Date "2009.10.11"]
[Round "2.7"]
[White "Manak, Adrian"]
[Black "Michal, Silvio"]
[Result "1-0"]
[WhiteElo "1815"]
[BlackElo "2105"]
[PlyCount "61"]
[EventDate "2009.??.??"]
[WhiteTeam "Slovakia"]
[BlackTeam "II"]
[WhiteTeamCountry "SVK"]
[BlackTeamCountry "SVK"]

1. e4 Nf6 2. e5 Nd5 3. d4 d6 4. c4 Nb6 5. f4 Nc6 6. Be3 Bf5 7. Nf3 e6 8. Nc3
Be7 9. Be2 O-O 10. O-O f6 11. exd6 cxd6 12. Nh4 Rc8 13. Nxf5 exf5 14. Rc1 Kh8
15. d5 Na5 16. b3 Nd7 17. Nb5 b6 18. b4 Nb7 19. Nxa7 Ra8 20. Nc6 Qe8 21. Qc2 g6
22. Rfe1 Rf7 23. Bd2 Bf8 24. Bd3 Qc8 25. Re6 Ra3 26. Re2 Qa8 27. Bc3 Qa6 28.
Bb2 Ra4 29. a3 Bh6 30. Re8+ Kg7 31. b5 1-0

[Event "SR 2. liga A 2009/2010"]
[Site "?"]
[Date "2009.10.11"]
[Round "2.8"]
[White "Klimes, Milan"]
[Black "Gajarsky, Julius"]
[Result "1-0"]
[WhiteElo "1933"]
[BlackElo "1802"]
[PlyCount "109"]
[EventDate "2009.??.??"]
[WhiteTeam "Slovakia"]
[BlackTeam "II"]
[WhiteTeamCountry "SVK"]
[BlackTeamCountry "SVK"]

1. c4 e5 2. Nc3 Nf6 3. g3 c6 4. d4 exd4 5. Qxd4 b6 6. Bg2 Bc5 7. Qe5+ Qe7 8.
Qxe7+ Kxe7 9. Bg5 Bb4 10. Rc1 h6 11. Bd2 Bb7 12. a3 Bxc3 13. Bxc3 d6 14. e3
Nbd7 15. Rd1 Rhd8 16. Ne2 Rac8 17. O-O Ba6 18. Nd4 d5 19. Rfe1 Bxc4 20. Nf5+
Kf8 21. Nd6 Rc7 22. Nxc4 dxc4 23. e4 Re8 24. f4 Nb8 25. Be5 Rcc8 26. Bd6+ Kg8
27. e5 Nfd7 28. Bh3 Rcd8 29. Bc7 Rc8 30. Bxb8 Nxb8 31. Bxc8 Rxc8 32. Rd6 c5 33.
Red1 Nc6 34. e6 fxe6 35. Rxe6 Nd4 36. Re7 Rd8 37. Kf2 a5 38. Rb7 Rd6 39. Re1
Nb5 40. Re8+ Kh7 41. a4 Rd2+ 42. Re2 Rxe2+ 43. Kxe2 Nd4+ 44. Kf2 Kg6 45. Rxb6+
Kf5 46. Rb7 g6 47. Re7 Kf6 48. Rc7 Nb3 49. g4 Nc1 50. Rc6+ Kf7 51. Ke3 Nd3 52.
Rb6 g5 53. f5 Ke7 54. b3 Ne5 55. Re6+ 1-0

[Event "SR 2. liga A 2009/2010"]
[Site "?"]
[Date "2009.10.11"]
[Round "2.8"]
[White "Pekar, Jozef"]
[Black "Gono, Michal"]
[Result "1-0"]
[WhiteElo "1960"]
[BlackElo "1852"]
[PlyCount "65"]
[EventDate "2009.??.??"]
[WhiteTeam "Slovakia"]
[BlackTeam "II"]
[WhiteTeamCountry "SVK"]
[BlackTeamCountry "SVK"]

1. e4 c6 2. d4 d5 3. e5 Bf5 4. g4 Be4 5. f3 Bg6 6. h4 h6 7. h5 Bh7 8. Bd3 Bxd3
9. Qxd3 e6 10. Be3 Qb6 11. b3 c5 12. c3 Nc6 13. Ne2 Rc8 14. Nd2 cxd4 15. Bxd4
Bc5 16. Rc1 Nge7 17. f4 Kd7 18. Bxc5 Qxc5 19. Ne4 Qb6 20. Nd6 Rcf8 21. b4 Nc8
22. Ne4 Ke7 23. Nc5 Rd8 24. a4 d4 25. a5 Nxa5 26. Nxd4 Nc6 27. Qc4 Nxd4 28.
cxd4 Qc6 29. O-O Nb6 30. b5 Qc7 31. Qb4 Nd5 32. Na6+ Nxb4 33. Rxc7+ 1-0

[Event "SR 2. liga A 2009/2010"]
[Site "?"]
[Date "2009.10.11"]
[Round "2.8"]
[White "Racik, Marek"]
[Black "Svoboda, Adam"]
[Result "0-1"]
[WhiteElo "1869"]
[BlackElo "1821"]
[PlyCount "96"]
[EventDate "2009.??.??"]
[WhiteTeam "Slovakia"]
[BlackTeam "II"]
[WhiteTeamCountry "SVK"]
[BlackTeamCountry "SVK"]

1. Nf3 d5 2. g3 c6 3. Bg2 Bg4 4. O-O Nf6 5. h3 Bf5 6. b3 e6 7. Bb2 Bd6 8. d3
Nbd7 9. Nbd2 O-O 10. Re1 e5 11. c4 Be6 12. Rc1 e4 13. dxe4 dxe4 14. Ng5 e3 15.
Nde4 exf2+ 16. Kxf2 Nxe4+ 17. Nxe4 Be7 18. Kg1 Qc7 19. Qd4 f6 20. Kh2 Ne5 21.
Ng5 fxg5 22. Qxe5 Qxe5 23. Bxe5 Bf6 24. Bd6 Rfd8 25. Rcd1 Rd7 26. e4 Rad8 27.
c5 Be5 28. Re2 Bxd6 29. cxd6 Rxd6 30. Rxd6 Rxd6 31. g4 Rd4 32. Kg3 a5 33. Kf2
a4 34. Ke3 Rb4 35. bxa4 Rxa4 36. Rb2 Rxa2 37. Rxa2 Bxa2 38. Kd4 Kf7 39. Kc5 Ke6
40. Bf1 Bb1 41. Kd4 c5+ 42. Ke3 Ke5 43. Bg2 b5 44. Bf1 b4 45. Bg2 c4 46. Bf1 c3
47. Bd3 Bxd3 48. Kxd3 g6 0-1